| 000 | 00824nam a2200241Ia 4500 | ||
|---|---|---|---|
| 003 | OSt | ||
| 005 | 20220923213225.0 | ||
| 006 | a|||||r|||| 00| 0 | ||
| 007 | ta | ||
| 008 | 220922b |||||||| |||| 00| 0 guj d | ||
| 024 | _a159,984 | ||
| 037 | _cTextual | ||
| 040 |
_aARTS _cARTS _bguj |
||
| 041 |
_2guj _aguj |
||
| 082 | _aO1560v2,1(Q223):g, 152J7 | ||
| 100 |
_aगुप्त, जगदीश _9156290 |
||
| 245 | 0 | _aगुजराती और ब्रजभाषा का तुलनात्मक अध्ययन | |
| 246 | _aGujarātī aur brajabhāṣhā kā tulanātmak adhyayana | ||
| 260 | _c1957 | ||
| 650 | _aगुजराती साहित्य | ||
| 942 |
_hO1560v2,1(Q223):g, 152J7 _cTEXL _2CC |
||
| 999 |
_c314731 _d314731 |
||